Guías de condición para los pastizales de la ecorregión esteparia fría de Aysén

Na minha lista:
Detalhes bibliográficos
Autor principal: Scheu H., Ricardo (Author)
Formato: Livro
Idioma:espanhol
Publicado em: Puerto Chacabuco Gobierno Regional de Aysén 1998
Puerto Chacabuco Ministerio de Agricultura 1998
Puerto Chacabuco Servicio Agrícola y Ganadero 1998
Puerto Chacabuco Departamento de Protección de los Recursos Naturales Renovables 1998
Assuntos:
Tags: Adicionar Tag
Sem tags, seja o primeiro a adicionar uma tag!

MARC

LEADER 00000nam a2200000 a 4500
001 UCL5212
003 CL-VaPUC
008 040305e19980000cl |||||||||||||||||spa|d
082 0 4 |a 633.2  |b SCH  |2 21 
100 0 |a Scheu H., Ricardo  |e author  |9 482943 
245 1 0 |a Guías de condición para los pastizales de la ecorregión esteparia fría de Aysén 
300 |a 95 p 
942 |c BK 
945 |d 20040305 00:00:00  |a cmena 
260 |a Puerto Chacabuco  |b Gobierno Regional de Aysén  |c 1998 
260 |a Puerto Chacabuco  |b Ministerio de Agricultura  |c 1998 
260 |a Puerto Chacabuco  |b Servicio Agrícola y Ganadero  |c 1998 
260 |a Puerto Chacabuco  |b Departamento de Protección de los Recursos Naturales Renovables  |c 1998 
500 |a Proyecto FNDR-SAG XI región de Aysén: Levantamiento para el ordenamiento de los ecosistemas de Aysén 
650 0 |a Pastizales  |9 352003 
650 7 |a CULTIVOS FORRAJEROS  |2 CL-VaPUC  |9 372485 
650 0 |a Ganadería  |9 264177 
650 0 |a Recursos naturales  |9 255232 
651 0 |a Aysén  |9 265657 
651 7 |a REGION 11  |2 CL-VaPUC  |9 265556 
651 7 |a CHILE  |2 CL-VaPUC  |9 482944 
583 |a last modification  |c 20171004 12:50:59  |k Rodrigo Vera 
999 |c 307869  |d 307867 
952 |0 0  |1 0  |4 0  |6 633_200000000000000_SCH_1998_1998_1998_1998  |7 0  |8 A  |9 374008  |a BIBAGR  |b BIBAGR  |d 2019-11-21  |i 3866254  |o 633.2 SCH 1998 1998 1998 1998  |p 3866254  |r 2025-01-20  |w 2019-11-21  |y BK  |k AGR